Wszystkie miejscowości w GTA: San Andreas - Statystyki

Ogólne statystyki
  • Ten quiz został rozwiązany 476 razy
  • Średni wynik to 6 z 16
Statystyki odpowiedzi
Lokalizacja Nazwa miejscowości % Poprawnych
Miasto Los Santos
98%
Miasto Las Venturas
87%
Miasto San Fierro
84%
Wieś w Red County Blueberry
49%
Wieś w Whetstone Angel Pine
47%
Wieś w Red County Palomino Creek
38%
Wieś w Red County Montgomery
36%
Wieś w Bone County Fort Carson
30%
Wieś w Red County Dillimore
28%
Wieś w Tierra Robada Bayside
21%
Wieś w Tierra Robada El Quebrados
17%
Wieś w Bone County Las Payasadas
17%
Wieś w Tierra Robada Las Barrancas
15%
Wieś w Bone County Las Brujas
13%
Wieś w Tierra Robada Aldea Malvada
6%
Wieś w Tierra Robada Valle Ocultado
3%
Nie znaleziono quizów pasujących do podanych kryteriów
Rozkład punktacji
Procent ludzi z każdym wynikiem
Percentyl według liczby udzielonych odpowiedzi
Twoja historia wyników
Nie rozwiązałeś tego quizu